Médias et responsabilité sociale / (Record no. 12371)

MARC details
000 -LEADER
campo de control de longitud fija 00958cam a2200325 a 4500
001 - NÚMERO DE CONTROL
campo de control 93006
005 - FECHA Y HORA DE LA ÚLTIMA TRANSACCIÓN
campo de control 20230410101712.0
008 - DATOS DE LONGITUD FIJA--INFORMACIÓN GENERAL
campo de control de longitud fija 100720s2009 ht b 000 0 fre c
035 ## - NÚMERO DE CONTROL DEL SISTEMA
Número de control de sistema (OCoLC)ocn648971927
040 ## - FUENTE DE CATALOGACIÓN
Centro catalogador/agencia de origen ZQP
Centro/agencia transcriptor ZQP
Centro/agencia modificador ZQP
020 ## - NÚMERO INTERNACIONAL ESTÁNDAR DEL LIBRO
Número Internacional Estándar del Libro 9789993593393
020 ## - NÚMERO INTERNACIONAL ESTÁNDAR DEL LIBRO
Número Internacional Estándar del Libro 9993593397
035 ## - NÚMERO DE CONTROL DEL SISTEMA
Número de control de sistema (OCoLC)648971927
042 ## - CÓDIGO DE AUTENTICACIÓN
Código de autenticación pcc
050 14 - SIGNATURA TOPOGRÁFICA DE LA BIBLIOTECA DEL CONGRESO
Número de clasificación 110 P 94
Número de ítem S481m 2009
082 00 - NÚMERO DE LA CLASIFICACIÓN DECIMAL DEWEY
Número de clasificación 302.23
100 1# - ENTRADA PRINCIPAL--NOMBRE DE PERSONA
Nombre de persona Sérant, Vario.
245 10 - MENCIÓN DEL TÍTULO
Título Médias et responsabilité sociale /
Mención de responsabilidad, etc. Vario Sérant.
246 14 - FORMA VARIANTE DEL TITULO
Título propio/Titulo breve Médias & responsabilité sociale
260 ## - PUBLICACIÓN, DISTRIBUCIÓN, ETC.
Lugar de publicación, distribución, etc. Port-au-Prince, Haiti :
Nombre del editor, distribuidor, etc. Media-Texte,
Fecha de publicación, distribución, etc. 2009.
300 ## - DESCRIPCIÓN FÍSICA
Extensión 192 p. ;
Dimensiones 22 cm.
504 ## - NOTA DE BIBLIOGRAFÍA, ETC.
Nota de bibliografía, etc. Includes bibliographical references.
650 #0 - PUNTO DE ACCESO ADICIONAL DE MATERIA--TÉRMINO DE MATERIA
Término de materia o nombre geográfico como elemento de entrada Mass media
Subdivisión general Moral and ethical aspects.
650 #0 - PUNTO DE ACCESO ADICIONAL DE MATERIA--TÉRMINO DE MATERIA
Término de materia o nombre geográfico como elemento de entrada Mass media
Subdivisión general Social aspects.
650 #0 - PUNTO DE ACCESO ADICIONAL DE MATERIA--TÉRMINO DE MATERIA
Término de materia o nombre geográfico como elemento de entrada Mass media and culture.
650 #0 - PUNTO DE ACCESO ADICIONAL DE MATERIA--TÉRMINO DE MATERIA
Término de materia o nombre geográfico como elemento de entrada Popular culture
Subdivisión general Moral and ethical aspects.
942 ## - ELEMENTOS DE ENTRADA SECUNDARIOS (KOHA)
Fuente del sistema de clasificación o colocación Clasificación de Library of Congress
Tipo de ítem Koha
966 ## -
-- RCH
994 ## -
-- C0
-- DRFGD
Holdings
Estatus retirado Estado de pérdida Fuente del sistema de clasificación o colocación Estado de daño No para préstamo Colección Biblioteca de origen Biblioteca actual Ubicación en estantería Fecha de adquisición Serial enumeration / chronology Signatura topográfica completa Código de barras Visto por última vez Copia número Tipo de ítem Koha
    Clasificación de Library of Congress     Recursos Regionales Biblioteca Juan Bosch Biblioteca Juan Bosch Recursos Regionales (2do. Piso) 10/04/2023 1 110 P 94 S481m 2009 00000086538 23/10/2018 1